00504 2200193 4500001002100000005001500021008004100036020002200077035001900099041000700118082001000125090001600135100001700151245004900168260002200217300003000239500001100269650003000280INLIS00000000000329820241224112710241224||||||||| | ||| |||| || |  a978-602-97066-8-0 0010-1224003298 aid0 a923.1 a923.1 ZAI p0 aZaenuddin HM00aPerjuangan dan Pengabdian Presiden Termiskin bKreasi Katac2014 ax, 262 hlm.; ilus.: 20 cm aCet. 1 0aIlmu Sejarah dan Biografi